LEADER 01087nam0 2200337 450 001 000008531 005 20091130150049.0 010 $a88-386-6292-4 100 $a20071109d2006----km-y0itay50------ba 101 0 $aita 102 $aIT 105 $ay-------001yy 200 1 $aBasi di dati$emodelli e linguaggi di interrogazione$fPaolo Atzeni, Stefano Ceri, Stefano Paraboschi... [et al.] 205 $a2. ed. 210 $aMilano$cMcGraw-Hill$dc2006 215 $aXIV, 401 p.$d25 cm 225 2 $aCollana di istruzione scientifica$iSerie di informatica 410 0$12001$aCollana di istruzione scientifica. Serie di informatica 451 0$100100026889 610 1 $aArchivi di dati 676 $a005.756$v20 702 1$aAtzeni,$bPaolo 702 1$aCeri,$bStefano 702 1$aParaboschi,$bStefano 801 0$aIT$bUNIPARTHENOPE$c20071109$gRICA$2UNIMARC 912 $a000008531 951 $a005-B/5$b39953$cNAVA1$d2007 951 $aP1 005-B/5 (1)$b40093$cPIST$d2007 951 $aT-0017$b40094$cNAVA3$d20071212 996 $aBasi di dati$958596 997 $aUNIPARTHENOPE LEADER 01835nam0 22003973i 450 001 SBL0535881 005 20251003044356.0 020 $aIT$b6610829 100 $a20081216d1966 ||||0itac50 ba 101 | $aita 102 $ait 181 1$6z01$ai $bxxxe 182 1$6z01$an 200 1 $aSaggi di storia del pensiero economico$fAugusto Graziani$gcon prefazione di Giuseppe Ugo Papi$ged un saggio biografico di Angelo Fraccacreta 210 $aNapoli$cMorano$d1966 215 $aXXVI, 235 p.$d25 cm . 606 $aEconomia$xTeorie$xStoria$2FIR$3CFIC000469$9E 676 $a330.1$9ECONOMIA. Sistemi e teorie$v20 676 $a330.1$9ECONOMIA. SISTEMI, SCUOLE, TEORIE$v21 676 $a330.109$9ECONOMIA. SISTEMI, SCUOLE, TEORIE. Storia$v23 696 $aEconomia reale$aAttivitą economiche$aAspetti economici 699 $aEconomia$yEconomia reale 699 $aEconomia$zAttivitą economiche 699 $aEconomia$zAspetti economici 700 1$aGraziani$b, Augusto$f <1865-1944>$3PUVV000549$4070$0939 702 1$aPapi$b, Giuseppe Ugo$3RAVV030741 702 1$aFraccacreta$b, Angelo$3SBLV170360 790 1$aPapi$b, Ugo$f <1893-1989>$3MILV199834$zPapi, Giuseppe Ugo 801 3$aIT$bIT-000000$c20081216 850 $aIT-BN0095 901 $bNAP 01$cPOZZO LIB.$nVi sono collocati fondi di economia, periodici di ingegneria e scienze, periodici di economia e statistica e altri fondi comprendenti documenti di economia pervenuti in dono. 912 $aSBL0535881 950 0$aBiblioteca Centralizzata di Ateneo$b1 v.$c1 v.$d 01POZZO LIB.F. PARRAVICINI 268$e 0101 0600162275E VMA 1 v. (Precedente collocazione P 371)$fB $h20220919$i20220919 977 $a 01 996 $aSaggi di storia del pensiero economico$9695703 997 $aUNISANNIO